00990nam a2200265 a 450000100060000000300080000600500170001400800410003102000150007203500190008704000320010604100080013808200250014624500810017126000630025230000330031549000440034850400410039265000190043370000240045271000350047671000520051171100830056383000780064672263BD-RjUL20211209082235.0170516s1983 riua b 100 0 eng  a0821811207 a(BD-RjUL)72480 aDLCcDLCdDLCdBD-RjULbeng aeng00223a532.05bFLU 198310aFluid dynamics in astrophysics and geophysics /cNorman R. Lebovitz, editor. aProvidence, R.I. :bAmerican Mathematical Society,cc1983. aix, 267 p. :bill. ;c24 cm.1 aLectures in applied mathematics,vv. 20 aIncludes bibliographical references. 0aFluid dynamics1 aLebovitz, Norman R.2 aAmerican Mathematical Society.2 aSociety for Industrial and Applied Mathematics.2 aSummer Seminar on Applied Mathematicsn(13th :d1981 :cUniversity of Chicago) 0aLectures in applied mathematics (American Mathematical Society) ;vv. 20.